|
|
|
|
| LEADER |
00888nam a2200217 a 4500 |
| 001 |
4886698 |
| 008 |
120103r19951994maua b 001 0 eng d |
| 010 |
|
|
|a 93005662
|
| 020 |
|
|
|a 0201530821
|
| 040 |
|
|
|a DLC
|c DLC
|d DLC
|d BD-DhAAL
|
| 082 |
0 |
0 |
|a 511.3
|2 20
|
| 100 |
1 |
|
|a Papadimitriou, Christos H.
|
| 245 |
1 |
0 |
|a Computational complexity /
|c Christos H. Papadimitriou.
|
| 260 |
|
|
|a Reading, Mass. :
|b Addison-Wesley,
|c c1994.[Reprinted 1994]
|
| 300 |
|
|
|a xv, 523 p. :
|b ill. ;
|c 25 cm.
|
| 504 |
|
|
|a Includes bibliographical references and indexes.
|
| 541 |
1 |
|
|e 00024164
|
| 650 |
|
0 |
|a Computational complexity.
|
| 852 |
1 |
|
|a Ayesha Abed Library
|j General shelf
|
| 999 |
|
|
|c 11713
|d 11713
|
| 952 |
|
|
|0 0
|1 0
|4 0
|6 511_300000000000000_PAP
|7 0
|9 19051
|a BRACUL
|b BRACUL
|c GEN
|d 2012-01-03
|e Parama Publishers and Distributors
|g 8151.00
|l 2
|m 14
|o 511.3 PAP
|p 3010024164
|q 2024-10-23
|r 2024-05-30
|s 2024-05-30
|t 1
|w 2012-01-03
|y BK
|